01474nam a2200337 a 4500001001200000003000800012006001900020007001500039008004100054010001700095020002800112040002100140035002000161050002600181082001800207245012800225246006900353260004700422300001500469504006600484533015200550610006000702650004900762650005700811650005400868655002900922700002500951710001700976856012600993999001701119ebr10017988CaPaEBRm u cr cn|||||||||000223s2000 ctu sbf 001 0deng  z 00024522  z0313307350 (alk. paper) aCaPaEBRcCaPaEBR a(OCoLC)5611935314aKF5107.5b.H57 2000eb04a345.73/0122100aHistorical encyclopedia of U.S. independent counsel investigationsh[electronic resource] /cedited by Gerald S. Greenberg.3 aHistorical encyclopedia of US independent counsel investigations aWestport, Conn. :bGreenwood Press,c2000. axi, 415 p. aIncludes bibliographical references (p. [375]-393) and index. aElectronic reproduction.bPalo Alto, Calif. :cebrary,d2013.nAvailable via World Wide Web.nAccess may be limited to ebrary affiliated libraries.10aUnited States.bOffice of Independent CounselxHistory. 0aSpecial prosecutorszUnited StatesxHistory. 0aGovernmental investigationszUnited StatesxHistory. 0aCorruption investigationzUnited StatesxHistory. 7aElectronic books.2local1 aGreenberg, Gerald S.2 aebrary, Inc.40uhttp://site.ebrary.com/lib/rucke/Doc?id=10017988zAn electronic book accessible through the World Wide Web; click to view c12410d12410